<?xml version="1.0" encoding="UTF-8"?>
<record
    xmlns:xsi="http://www.w3.org/2001/XMLSchema-instance"
    xsi:schemaLocation="http://www.loc.gov/MARC21/slim http://www.loc.gov/standards/marcxml/schema/MARC21slim.xsd"
    xmlns="http://www.loc.gov/MARC21/slim">

  <leader>00629nam a22001937a 4500</leader>
  <controlfield tag="005">20240618134239.0</controlfield>
  <controlfield tag="008">220510b           ||||| |||| 00| 0 eng d</controlfield>
  <datafield tag="040" ind1=" " ind2=" ">
    <subfield code="c">AL</subfield>
  </datafield>
  <datafield tag="041" ind1=" " ind2=" ">
    <subfield code="a">Kannada</subfield>
  </datafield>
  <datafield tag="082" ind1=" " ind2=" ">
    <subfield code="2">23</subfield>
    <subfield code="a">320.01K</subfield>
    <subfield code="b">GOWS</subfield>
  </datafield>
  <datafield tag="100" ind1=" " ind2=" ">
    <subfield code="a">V.H.Gowda &#xCB5;&#xCBF;.&#xC8E;&#xC9A;&#xCCD;.&#xC97;&#xCCC;&#xCA1;  </subfield>
    <subfield code="9">171133</subfield>
  </datafield>
  <datafield tag="245" ind1=" " ind2=" ">
    <subfield code="a">Samakalina spandana &#xCB8;&#xCAE;&#xC95;&#xCBE;&#xCB2;&#xCC0;&#xCA8; &#xCB8;&#xCCD;&#xCAA;&#xC82;&#xCA6;&#xCA8; </subfield>
  </datafield>
  <datafield tag="260" ind1=" " ind2=" ">
    <subfield code="a">Mysore</subfield>
    <subfield code="b">Samanvaya prakashana &#xCB8;&#xCAE;&#xCA8;&#xCCD;&#xCB5;&#xCAF; &#xCAA;&#xCCD;&#xCB0;&#xC95;&#xCBE;&#xCB6;&#xCA8; </subfield>
    <subfield code="c">1990</subfield>
  </datafield>
  <datafield tag="300" ind1=" " ind2=" ">
    <subfield code="a">xvi,547 p.</subfield>
    <subfield code="b">PB</subfield>
    <subfield code="c">21x14 cm.</subfield>
  </datafield>
  <datafield tag="365" ind1=" " ind2=" ">
    <subfield code="c">&#x20B9;</subfield>
    <subfield code="d">&#x20B9;60.00</subfield>
  </datafield>
  <datafield tag="650" ind1=" " ind2=" ">
    <subfield code="a">A collection of articles</subfield>
    <subfield code="9">35744</subfield>
  </datafield>
  <datafield tag="700" ind1=" " ind2=" ">
    <subfield code="a">GOWDA (V H)</subfield>
    <subfield code="9">35745</subfield>
  </datafield>
  <datafield tag="942" ind1=" " ind2=" ">
    <subfield code="2">ddc</subfield>
    <subfield code="c">GF</subfield>
  </datafield>
  <datafield tag="999" ind1=" " ind2=" ">
    <subfield code="c">222863</subfield>
    <subfield code="d">222863</subfield>
  </datafield>
  <datafield tag="952" ind1=" " ind2=" ">
    <subfield code="0">0</subfield>
    <subfield code="1">0</subfield>
    <subfield code="2">ddc</subfield>
    <subfield code="4">0</subfield>
    <subfield code="7">0</subfield>
    <subfield code="8">PS</subfield>
    <subfield code="a">AL</subfield>
    <subfield code="b">AL</subfield>
    <subfield code="d">2013-03-23</subfield>
    <subfield code="l">0</subfield>
    <subfield code="o">320.01K GOWS</subfield>
    <subfield code="p">GF02945</subfield>
    <subfield code="r">2022-05-10 00:00:00</subfield>
    <subfield code="v">60.00</subfield>
    <subfield code="w">2022-05-10</subfield>
    <subfield code="y">GF</subfield>
  </datafield>
</record>
